| 000 | 00769nam a2200253Ia 4500 | ||
|---|---|---|---|
| 003 | OSt | ||
| 005 | 20220918200339.0 | ||
| 006 | a|||||r|||| 00| 0 | ||
| 007 | ta | ||
| 008 | 220917b |||||||| |||| 00| 0 eng d | ||
| 024 | _a88,403 | ||
| 037 | _cTextual | ||
| 040 |
_aARTS _cARTS _beng |
||
| 041 |
_2eng _aeng |
||
| 082 | _aT55.1(Y:4)37, M2 | ||
| 100 |
_aKelly Gail P. Ed _993669 |
||
| 245 | 0 |
_aWomen's education in the third world _b Comparative persepectives |
|
| 260 |
_aAlbany _bState University of New York Press _c1982 |
||
| 300 |
_aix, 406p _ccm. |
||
| 650 |
_aWOMEN - EDUCATION _925383 |
||
| 700 |
_a Elliott Carelyn M. _993670 |
||
| 942 |
_hT55.1(Y:4)37, M2 _cTEXL _2CC |
||
| 999 |
_c212091 _d212091 |
||